000 00706cam a2200145 4500500
005 20260208005828.0
041 _afre
042 _adc
100 1 0 _aPernot, Denis
_eauthor
245 0 0 _aMAURICE BARRÈS, Les Déracinés. Édition établie, présentée et annotée par JEAN-MICHEL WITTMANN et EMMANUEL GODO. Paris, Champion, « Textes de Littérature moderne et contemporaine », n° 73, 2004. Un vol. 15 × 22,5 de 385 p.
260 _c2005.
500 _a26
786 0 _nRevue d'histoire littéraire de la France | 105 | 3 | 2005-06-01 | p. 655zy-764zy | 0035-2411
856 4 1 _uhttps://shs.cairn.info/revue-d-histoire-litteraire-de-la-france-2005-3-page-655zy?lang=fr&redirect-ssocas=7080
999 _c1653985
_d1653985